| 000 | 00395nam a22001697a 4500 | ||
|---|---|---|---|
| 003 | CEME | ||
| 005 | 20210628205144.0 | ||
| 008 | 210301b xxu||||| |||| 00| 0 eng d | ||
| 020 | _a1-56091-230-8 | ||
| 040 | _c. | ||
| 082 | _a621.9-SAE TOO'S | ||
| 100 |
_aCarey, W. R _974202 |
||
| 245 | _aTools for todays engineer | ||
| 260 |
_aWARRENDAKE _bSAE _c1992 |
||
| 300 | _a86P | ||
| 942 |
_cBK _2ddc |
||
| 999 |
_c579764 _d579764 |
||